000 00341nam a2200133Ia 4500
008 220217s9999||||xx |||||||||||||| ||und||
020 _a81-317-0008-9
082 _a821 TEM
100 _aTemplar, Richard
_94698
245 0 _aRules of work
260 _aPearson education
_bNew delhi
_c2006
300 _b225
650 _aGENERAL BOOKS
999 _c174487
_d174487